00739cam a22002171 4500001001300000003000400013005001700017008004100034010001700075040004000092043001200132050002200144051002500166100005100191245005400242260004300296300008700339490004100426650003700467999001700504gs 13000472 DLC20260227111314.0770317s1913 dcuabf f000 0 eng c ags 13000472  aU.S. Geol. survey. LibrarycakdDLC an-us-ak00aQE75b.B9 no. 534 aQE84.Y4bC3cCopy 2.1 aCapps, Stephen R.q(Stephen Reid),d1881-1949.04aThe Yenta district, Alaska,cby Stephen R. Capps. aWashington,bGovt. print. off.,c1913. a75 p.billus. (incl. diagrs.) plates (part fold.) maps (2 fold. in pocket)c23 cm.0 aU.S. Geological survey. Bulletin 534 0aGeologyzAlaskazYenta District. c25270d25270